000 00588nam a2200157Ia 4500
008 210716s2016 xx 000 0 und d
020 _a9781785888243
041 _aeng
082 _a005.448 AHMW
100 _aAhmed, Wasim.
245 _aMastering proxmox: master the skills you need to build a rock-solid virtualization environment with the all new proxmox 4.
_bMaster the skills you need to build a rock-solid virtualization environment with the all new proxmox 4.
250 _a2
260 _aMumbai
_bPackt Publishing Ltd
_c2016
300 _axxi,385
650 _aCloud Computing
999 _c196676
_d196676